Statistics for Most Expensive Football Transfers per Year

Click here to take the quiz!

General Stats

  • This quiz has been taken 46 times
    (21 since last reset)
  • The average score is 21 of 28

Answer Stats

YearFromToAmountAnswer% Correct
2009Manchester UnitedReal Madrid£80,000,000Cristiano Ronaldo
94%
2000BarcelonaReal Madrid£37,000,000Luis Figo
94%
1997BarcelonaInter Milan£25,000,000Ronaldo
94%
1996Blackburn RoversNewcastle United£15,000,000Alan Shearer
88%
2007Atlético MadridLiverpool£20,000,000Fernando Torres
88%
2013Tottenham HotspursReal Madrid£85,000,000Gareth Bale
88%
2019BenficaAtlético Madrid£126,000,000Joao Felix
88%
2020Bayer LeverkusenChelsea£72,000,000Kai Havertz
88%
2015WolfsburgManchester City£55,000,000Kevin De Bruyne
88%
2018MonacoPSG£135,000,000Kylian Mbappé
88%
2014LiverpoolBarcelona£65,000,000Luis Suarez
88%
2017BarcelonaPSG£200,000,000Neymar
88%
2016JuventusManchester United£89,000,000Paul Pogba
88%
2006AC MilanChelsea£30,000,000Andriy Shevchenko
82%
2010ValenciaBarcelona£31,000,000David Villa
82%
2004MarseilleChelsea£24,000,000Didier Drogba
82%
2002Leeds UnitedManchester United£30,000,000Rio Ferdinand
82%
2003Manchester UnitedReal Madrid£25,000,000David Beckham
76%
2008Real MadridManchester City£32,000,000Robinho
76%
2012AC MilanPSG£37,000,000Thiago Silva
76%
2001JuventusReal Madrid£48,000,000Zinedine Zidane
76%
1993PSV EindhovenBarcelona£10,800,000Romario
65%
2011PalermoPSG£36,000,000Javier Pastore
59%
2005LyonChelsea£24,400,000Michael Essien
59%
1999LazioInter Milan£32,000,000Christian Vieri
47%
1998Sao Paulo FCReal Betis£28,350,000Denilson
47%
1995Nottingham ForestLiverpool£8,500,000Stan Collymore
18%
1994BarcelonaReal Madrid£8,640,000Michael Laundrup
0%

Score Distribution

Percentile by Number Answered

Percent of People with Each Score

Your Score History

You have not taken this quiz since the last reset